000 01198nam a2200301 c 4500
999 _c185909
_d185909
003 BLK
005 20220708090336.0
008 180411b bul|||||r ||||||| ||bul||
010 _aKNG00194903000
040 _aBLK
041 _aBUL
_cBUL
080 _aРуска литература
_b821.161.1
_x-2
_z821.161.1-2
100 1 _aЛеонов, Леонид Максимович
_eпърви автор
_9384334
139 _aЛеонов, Леонид Максимович
_bЛ 46
245 1 0 _aЗлатната карета
_bПиеса в 4 д.
_cЛеонид Максимович Леонов; прев. от рус. Страшимир Г. Джамджиев.
257 _aBGR
260 _bНар. култура
_c1970
300 _a140 с.
_c25 см
380 _aX
490 _aБиблиотека Театър
_v17
_9204428
500 _aОриг. загл. Золотая карета / Л. Леонов. - 1 600 тир.
700 1 _aДжамджиев, Страшимир Г.
_eпрев. от рус.
_9384335
852 _aЦб 54274
856 4 _qpdf
856 4 _qpdf
942 _cKNG
_n0
_s1
944 _aCR
_c01.11.2016
_kГрета_Цуфелде
944 _aED
_c01.11.2016
_kГрета_Цуфелде
999 _d185909